Milagros en la Frontera : retablos de migrantes mexicanos a Estados Unidos /

Estudio que emplea los exvotos, ofrendas –muchas veces pictóricas- en agradecimiento de una petición concedida, como una fuente directa de información para investigar las condiciones de vida de los inmigrantes mexicanos en Estados Unidos, la experiencia de abandonar su lugar de origen, enfrentar otr...

ver descrição completa

Na minha lista:
Detalhes bibliográficos
Autor principal: Durand, Jorge (autor)
Outros Autores: Massey, Douglas Steven (autor) (autor)
Formato: Livro
Idioma:espanhol
Publicado em: San Luis Potosí, México : México : El Colegio de San Luis ; CIESAS, 2001, c2001
Assuntos:
Tags: Adicionar Tag
Sem tags, seja o primeiro a adicionar uma tag!

MARC

LEADER 00000nam^a2200000^a^4500
001 000119204
005 20250521085238.0
009 20260310094309.308
020 |a 968-7727-50-0 
037 |a Acervo ITESO - Biblioteca 
041 |a ESP 
082 |a 304. 873072  |b DUR 
100 |a Durand, Jorge  |e (autor) 
245 1 0 |a Milagros en la Frontera :  |b retablos de migrantes mexicanos a Estados Unidos /  |c J. Durand, D.S. Massey. 
264 4 |a San Luis Potosí, México :  |b El Colegio de San Luis ;  |a México :  |b CIESAS,  |c 2001, c2001 
300 |a 234 p. 
336 |a texto  |b txt  |2 rdacontenido 
337 |a sin mediación  |b n  |2 rdamedio 
338 |a volumen  |b nc  |2 rdasoporte 
500 |a Traducción de: Miracles on the Border: Retablos of Mexican Migrants to the United States 
520 |a Estudio que emplea los exvotos, ofrendas –muchas veces pictóricas- en agradecimiento de una petición concedida, como una fuente directa de información para investigar las condiciones de vida de los inmigrantes mexicanos en Estados Unidos, la experiencia de abandonar su lugar de origen, enfrentar otra cultura y toda una serie de dificultadesr relacionadas con la discriminación de la que son sujetos. Los autores ubican el género y su práctica en el marco de la pintura religiosa. Después señalan los templos e imágenes que reciben más exvotos de los migrantes, entre las que destaca casi el 50 por ciento de ofrendas a la Virgen de San Juan de los Lagos, Jalisco. Categorizan luego los exvotos por temas y detallan el tipo de agradecimiento en aquellos que son de temas migratorios, para finalmente reproducir una selección de los retablos analizados. 
586 |a Premio Príncipe de Asturias de Ciencias Sociales 2025 
649 |a XX 
650 |a Chicanos -  |x Condiciones Sociales y Culturales 
650 |a Mexicanos en EUA -  |x Condiciones Sociales y Culturales 
650 |a Virgen de San de los Lagos en la Pintura -  |z México -  |x Historia y Crítica 
650 |a Virgen de San de los Lagos en el Arte -  |z México -  |x Historia y Crítica 
650 |a Virgen María en la Pintura -  |z México -  |x Historia y Crítica 
650 |a Virgen María en el Arte -  |z México -  |x Historia y Crítica 
650 |a Emigración -  |z México -  |x Aspectos Sociales y Culturales 
650 |a Inmigración -  |z EUA -  |x Aspectos Sociales y Culturales 
650 |a Migración en la Pintura -  |z México -  |x Historia y Crítica -  |x Tema Principal 
650 |a Migración en el Arte -  |z México -  |x Historia y Crítica -  |x Tema Principal 
650 |a Migración -  |z México-EUA -  |x Aspectos Sociales y Culturales -  |x Tema Principal 
650 |a Ex-Votos -  |z México -  |x Historia y Crítica -  |x Tema Principal 
650 |a Pintura Popular -  |z México -  |x Historia y Crítica 
650 |a Pintura Religiosa -  |z México -  |x Historia y Crítica 
650 |a Pintura Mexicana -  |x Historia y Crítica 
650 |a Pintura Chicana -  |x Historia y Crítica 
650 |a Arte y Simbolismo Cristianos -  |z México -  |x Historia y Crítica 
650 |a Arte Religioso -  |z México -  |x Historia y Crítica 
650 |a Arte Popular -  |z México -  |x Historia y Crítica 
650 |a Arte y Sociedad -  |z México -  |x Historia y Crítica 
650 |a Arte Mexicano -  |x Historia y Crítica - 
650 |a Arte Chicano -  |x Historia y Crítica 
650 |a Sociología de la Religión 
650 |a Sociología de la Cultura 
700 |a Massey, Douglas Steven  |e (autor) 
910 |a Fondo General 
920 |a Impresos - Libros 
930 |a Colección General 
905 |a 101 
901 |a 0500053844  |b IT1  |c ACC  |u 20250521 
902 |a https://opac.biblio.iteso.mx/vufind/Record/000119204